00489nam a22001457a 4500999001900000020002200019082001700041100002900058245002200087250001300109260003500122300002000157942001200177952015400189 c531695d531695 a978-0-9815194-3-2 a547 LOU 2009 6Marc LoudonaMarc Loudon aOrganic Chemistry 65th Ed.  aLondonbAddison Weseley c2009 axxxix, 1374bPB 2ddccBK 00102ddc406547_000000000000000_LOU_2009709490696aSNSbSNScGENd2019-10-23l5o547 LOU 2009pSNS0002253r2025-09-24s2024-09-13w2019-10-23yBK